000 00873nam a22002417a 4500
003 DO-SdBNP
005 20220727140257.0
008 220727b1999 |||a|||e ip|| 001 0 spa d
040 _aDO-SdBNP
_bspa
_cBNPHU
082 4 _222
_a657.044
_bD278c
100 0 _953727
_aDe la Rosa, Víctor R.
245 1 0 _aCurso de contabilidad para el segundo nivel : teoría y práctica, preguntas y problemas
_bteoría y práctica, preguntas y problemas /
_cVíctor R. De la Rosa, Dámaso A. Toribio L., Luis E. Madrigal
250 _a2da. ed.
260 _aSanto Domingo :
_b[ s.n.],
_c1999.
300 _a219 p. :
_bil. ;
_c23 cm
504 _aBibliografía: p. 219
590 _aInventariado, 2022 / SA
650 4 _920156
_aContabilidad
_xEnseñaza
700 1 _aToribio L., Dámaso A.
_921615
700 1 _aMadrigal, Luis E.
_921616
910 _aSaquino
942 _2ddc
_cLBS1
999 _c52243
_d52243